Normal view
MARC view
- Patilla, Peter
Entry Nombre Personal
001 - NUMERO DE CONTROL
- campo de control: 42318
003 - IDENTIFICADOR DE NUMERO DE CONTROL
- campo de control: UPN
005 - FECHA Y HORA DE LA ÜLTIMA TRANSACCIÓN
- campo de control: 20210219194618.0
008 - DATOS DE LONGITUD FIJA
- campo de control de longitud fija: nabaccnnaabn|||||||||| b |nc|||||d
035 ## - NUMERO DE CONTROL
- Número de control: UPN11000014425
040 ## - FUENTE DE CATALOGACIÓN
- Lenguaje de catalogación: SPA
- Agencia de transcripción: UPN
100 1# - ENCABEZAMIENTO - NOMBRE PERSONAL
- Nombre personal: Patilla, Peter
670 ## - FUENTE EN LA QUE SE LOCALIZARON DATOS
- Cita de la fuente: T
- Uniform Resource Identifier: https://www.iberlibro.com/DICCIONARIO-MATEMATICAS-ILUSTRADO-NIVEL-PRIMARIA-PATILLA/22901165071/bd
902 ## - CATALOGADOR
- Catalogador: EMR/280219
